ქართველი ფეხბურთელები ტოპ 5 ჩემპიონატში გატანილი გოლებით - Statistics

General Stats
  • This quiz has been taken 3 times
  • The average score is 18 of 23
Answer Stats
გოლი ფეხბურთელი % Correct
37 ხვიჩა კვარაცხელია
100%
34 გიორგი მიქაუტაძე
100%
32 ლევან კობიაშვილი
100%
32 ალექსანდრე იაშვილი
100%
13 კაკახა კალაძე
100%
11 ლევან მჭედლიძე
100%
8 თემურ ქეცბაია
100%
7 არჩილ არველაძე
100%
7 გიორგი ქინქლაძე
100%
5 ბუდუ ზივზივაძე
100%
1 გიორგი დემეტრაძე
100%
1 რევაზ არველაძე
100%
12 გია გურული
67%
9 ზურიკო დავითაშვილი
67%
7 ლევან ცქიტიშვილი
67%
4 ოთარ დონდუა
67%
3 გიორგი წიტაიშვილი
67%
2 გიორგი აბუაშვილი
67%
1 ზურაბ ხიზანიშვილი
67%
1 მიხეილ ყაველაშვილი
67%
1 გიორგი ქვილითაია
33%
1 კახა ცხადაძე
33%
1 ლუკა ლოჩოშვილი
0%
No matching quizzes found
Score Distribution
Percent of People with Each Score
Percentile by Number Answered
Your Score History
You have not taken this quiz